| 000 | 00883nam a2200217Ia 4500 | ||
|---|---|---|---|
| 003 | GCL | ||
| 005 | 20240530095331.0 | ||
| 008 | 140319s9999 xx 000 0 ara d | ||
| 020 | _a0099322977 | ||
| 040 |
_aGCL / _cGCL |
||
| 082 | 0 | 4 |
_a940.18 _bب ح |
| 100 | 1 | _aبالار، ميشيل | |
| 245 | 1 | 0 |
_aالحملات الصليبية والشرق اللاتينيى من القرن الحادى عشر - الى القرن الرابع عشر / _cبالار، ميشيل ؛ ترجمة بشير السباعى |
| 250 | _aط1 | ||
| 260 |
_aالقاهرة : _bعين للدراسات والبحوث الانسانية والاجتماعية ، _c2003 |
||
| 300 |
_a388 ص : _bجرائط ؛ _c24 سم |
||
| 650 | 0 | 4 | _aالحروب الصليبية |
| 650 | 0 | 4 | _aاوربا - تاريخ - العصور الوسطى |
| 700 | 1 |
_aبشير السباعى _eمترجم |
|
| 942 |
_2ddc _cBK |
||
| 999 |
_c6243 _d6243 |
||